000 00721nam a2200193Ia 4500
003 GCL
008 140319s9999 xx 000 0 ara d
040 _aGCL /
_cGCL
082 0 4 _a792.0232
_bف م
100 1 _aفالان، بياتريس بيكون
245 1 0 _aالمسرح والصور المرئية /
_cفالان، بياتريس بيكون
260 _aالقاهرة :
_bوزارة الثقافة - مهرجان القاهرة الدولى للمسرح التجريبى ،
_c2004
300 _a368 ص ؛
_c24 سم
650 0 4 _aالتذوق المسرحى
650 0 4 _aالاخراج المسرحى
650 0 4 _aالفنون المسرحية
650 0 4 _aالمسارح - اضاءة
942 _2ddc
_cBK
999 _c7179
_d7179